• 首页
  • 本馆介绍
  • 公告通知
  • 最新文献
  • 馆藏检索
  • 电子资源
  • 读者导购
  • 参考咨询
  • 我的图书馆
  • 登录
  • 详细信息显示
  • 放入我的书架
  • 预约/预借图书
  • 作者相关作品
  • 分类相关作品
  • 丛书相关作品
  • 出版社相关作品

书目信息

  • 表格格式
  • 工作单格式
  • 卡片格式
题名:
旅游政策与法规
    
 
作者: 王霞 , 蒋艳 , 徐宝群 主编
分册:  
出版信息: 镇江   江苏大学出版社  2020
页数: 232页
开本: 26cm
丛书名:
单 册:
中图分类: F592.0 , D922.294.1
科图分类:
主题词: 旅游业--lv you ye--方针政策--中国--教材 , 旅游业--lv you ye--法规--中国--教材
电子资源:
ISBN: 978-7-5684-1459-3
000 01103nam0 2200289 450
001 2151113920
005 20211018173724.0
010    @a978-7-5684-1459-3@dCNY48.00
100    @a20210313d2020 em y0chiy0120 ea
101 0  @achi
102    @aCN@b320000
105    @aa z 000yy
106    @ar
200 1  @a旅游政策与法规@Alv you zheng ce yu fa gui@f王霞,蒋艳,徐宝群主编
210    @a镇江@c江苏大学出版社@d2020
215    @a232页@c图@d26cm
300    @a校企合作旅游与酒店管理专业精品教材 “互联网+教育”新形态教材
330    @a全书共分9个项目,具体内容包括旅游法概述、旅游合同法律制度、旅行社经营与管理法律制度、导游人员管理法律制度、旅游饭店经营与管理法律制度、旅游安全管理法律制度、旅游出入境法律制度、旅游交通运输法律法规和旅游资源保护法律制度。
606 0  @a旅游业@Alv you ye@x方针政策@y中国@j教材
606 0  @a旅游业@Alv you ye@x法规@y中国@j教材
690    @aF592.0@v5
690    @aD922.294.1@v5
701  0 @a王霞@Awang xia@4主编
701  0 @a蒋艳@Ajiang yan@4主编
701  0 @a徐宝群@Axu bao qun@4主编
801  0 @aCN@b百万庄@c20211018
905    @b1310128-131@dF592.0@e618@f4
    
    旅游政策与法规/王霞,蒋艳,徐宝群主编.-镇江:江苏大学出版社,2020
    232页:图;26cm
    校企合作旅游与酒店管理专业精品教材 “互联网+教育”新形态教材
    
    ISBN 978-7-5684-1459-3:CNY48.00
    全书共分9个项目,具体内容包括旅游法概述、旅游合同法律制度、旅行社经营与管理法律制度、导游人员管理法律制度、旅游饭店经营与管理法律制度、旅游安全管理法律制度、旅游出入境法律制度、旅游交通运输法律法规和旅游资源保护法律制度。
●
相关链接 在E读中查询图书 在五车中查询图书 在当当中查询图书 在豆瓣中查询图书


正题名:旅游政策与法规     索取号:F592.0/618         预约/预借

序号 登录号 条形码 馆藏地/架位号 状态 备注
1 1310128   213101285   第一样本阅览室/ [索取号:F592.0/618] 在馆    
2 1310129   213101294   第一借阅区/ [索取号:F592.0/618] 在馆    
3 1310130   213101301   第一借阅区/ [索取号:F592.0/618] 在馆    
4 1310131   213101310   第一借阅区/ [索取号:F592.0/618] 在馆    
唐山师范学院图书馆 欢迎您!
大连网信软件有限公司© 版权所有